Datum a čas kvízu
28.5
Celkem bodů
Celkový počet nahraných bodů na tomto kvízu bez doplňovacích otázek.
2.
Pořadí na kvízu
Konečné umístění týmu na tomto kvízu.
Zaznamenané odpovědi
| # | Otázka | Odpověď | Body | Výsledky |
|---|---|---|---|---|
| 1. | „S teroristy se nevyjednává, s... | tygra stane vegetarián | 1 | |
| 2. | Dvaaosmdesátiletý prezident Ab... | Alžírsko | 1 | |
| 3. | Ve finské Heinole se koná MS v... | Žár | 0 | |
| 4. | Od 11. do 17. března proběhl n... | Týden mozku | 0 | |
| 5. | Po odvetách, které se hrály mi... | Ajax Amsterdam, Juventus Turín | 0 | |
| 1. | Začneme seriály Breaking Bad (... | metamfetamin | 1 | |
| 2. | Seriál The Crown, popisující ž... | na území Řecka | 1 | |
| 3. | Jak se nazývá velké anglické m... | Birmingham | 1 | |
| 4. | Herečku Robin Wrightovou, jedn... | Forrest Gump | 0 | |
| 5. | Jak se jmenuje český herec, da... | Aleš Háma | 0 |